000 00538nam a2200205Ia 4500
001 3086
003 GE_BSU
008 181216s||||||||xx |||||||||||||| ||und||
040 _cGE_BSU
080 _a665.63/65
245 _aИзмерительные устройства для контроля качества нефтепродуктов.
245 _cред.С.Т.Тамарченко
260 _aЛ
260 _bХимия
260 _c1981
300 _a264стр.
300 _bилл.
300 _c22см
942 _cBK
999 _c37130
_d37130